Quizzes
Events
Quiz Creation
Community
Videos
Private Events
Remove Ads
Sign In
Join for FREE
Feedback
Dark Mode
Quiz Categories
Sports
Geography
Music
Movies
Television
Just For Fun
Miscellaneous
History
Literature
Language
Science
Gaming
Entertainment
Religion
Holiday
For Kids
Quiz Lab
Recent
Popular Today
Quiz Kudos Today
Editor Picks
Curator Picks
Quizzes by...
Day
Popularity
Type
Ratings
Length
Year
Community
Subscriptions
Recent Discussions
Orange Saloon
Badges
Playlists
Quests
Create
Leaderboards
Showdown
Live 5
Trivia Bingo
Activity
Puzzle Library
Sporcle Events
Private Events
Virtual Trivia
Globe League
Become a Host
Pub Owners
SporcleCon
Opinionation
Our Games
Videos
Blog
Mobile Apps
Partnerships
Remove Ads and Go Orange
Feedback
Sports
Athletes
MLB
NBA
NHL
NFL
Soccer
Sports Teams
WWE
NCAA
Football
Premier League
Basketball
Baseball
Hockey
Golf
Tennis
Cricket
Rugby
Auto Racing
Olympics
World Cup
Sports
Athletes
MLB
NBA
NHL
NFL
Soccer
Sports Teams
WWE
NCAA
Football
Premier League
Basketball
Baseball
Hockey
Golf
Tennis
Cricket
Rugby
Auto Racing
Olympics
World Cup
Random Quiz
Search Sporcle
×
Quiz Lab
Quiz Lab
Sports
MLB
Type in answers that appear in a list
Type in answers that appear in a list
Classic
Best Score? Go Orange.
2015 MLB Closers Stats
Can you name the 2015 MLB Closers
By
knames4
10m
30 Questions
234 Plays
234 Plays
234 Plays
Comments
Comments
Give Quiz Kudos
Give Quiz Kudos
-
- Ratings
hide this ad
More Info
Replay
Link that replays current quiz
Next Quiz
Link to next quiz in quiz playlist
You Got
0%
They Got
Avg Score
70%
Avg Friend Score
Upgrade to see
Score Distribution
Jump to the score distribution portion of the page
Score
0/30
Timer
10:00
0
Plays Today
Team
Player
% Correct
San Diego Padres
Craig Kimbrel
91.9%
Cincinnati Reds
Aroldis Chapman
88.9%
Kansas City Royals
Wade Davis
87.6%
New York Yankees
Andrew Miller
87.2%
Los Angeles Angels
Huston Street
83.8%
St. Louis Cardinals
Trevor Rosenthal
82.9%
Washington Nationals
Jonathan Papelbon
82.5%
Philadelphia Phillies
Ken Giles
79.9%
Pittsburgh Pirates
Mark Melancon
79.1%
Baltimore Orioles
Zach Britton
77.8%
Chicago White Sox
David Robertson
77.4%
Milwaukee Brewers
Francisco Rodriguez
76.5%
New York Mets
Jeurys Familia
70.9%
Detroit Tigers
Alex Wilson
69.7%
Cleveland Indians
Cody Allen
67.5%
Team
Player
% Correct
Minnesota Twins
Kevin Jepsen
67.1%
Miami Marlins
A.J. Ramos
67.1%
Seattle Mariners
Tom Wilhelmsen
66.7%
Chicago Cubs
Hector Rondon
66.2%
San Francisco Giants
Santiago Casilla
64.5%
Tampa Bay Rays
Brad Boxberger
64.1%
Boston Red Sox
Robbie Ross Jr.
62.4%
Oakland Athletics
Sean Doolittle
61.1%
Texas Rangers
Shawn Tolleson
60.7%
Houston Astros
Luke Gregerson
57.7%
Atlanta Braves
Arodys Vizcaino
57.7%
Los Angeles Dodgers
Kenley Jansen
57.3%
Arizona Diamondbacks
Brad Ziegler
57.3%
Toronto Blue Jays
Robert Osuna
52.1%
Colorado Rockies
John Axford
48.3%
Quiz Playlist
Details
Report
Send in Message
Add To Playlist
More Info:
updated with injuries, from mlb.com
Classic:
Type in answers that appear in a list
Last Updated: Feb 16, 2017
Quiz Scoreboard
CHALLENGE
Sign Up to Join the Scoreboard
Show All
Scores
Hide
Comments
May contain spoilers
Recently Published
Billboard Blitz: Fleetwood Mac
by CooCooCachoo
Music
15s
Presidents Visiting Landmarks
by Hejman
History
7m
An Introduction to Baseball
by treessimontrees
Sports
5m
More to Explore
Quiz From the Vault
Featured Blog Post
Where Did the Easter Bunny Come From?
hide this ad
You Might Also Like...
Tags
MLB Quiz
2015
Closer
Player
team
Today's Top Quizzes in Sports
Browse Sports
hide this ad
Today's Top Quizzes in MLB
Browse MLB
Top Contributed Quizzes in Sports
1
Les meilleurs buteurs des matchs entre le PSG et l’OM
2
2022 World Cup Stars
3
FIFA Club World Cup Champions
4
Les entraîneurs de l'OM et du PSG au 21e siècle
5
Criteria MLB: Left Handed Sluggers
6
Name the Premier League winners with different clubs
7
5-to-1: UK Sports Teams
8
AFC Teams Reveal (Wrong Answers Minefield)
9
Players with Multiple 50 Home Run Seasons
10
5-to-1: FBS Animal Nicknames
Explore More
Trending Topics
Kpop
NBA
Disney
Anime
Marvel
Harry Potter
Crossword
Country
WWE
The Office
Puzzle
Pokémon
Song
NFL
Soccer
hide this ad
More By:
knames4
Quiz
Plays
Rating
Category
Featured
Created
MLB 2021 NL Starting Rotations (End of Season)
2,162
5.00
Sports
Apr 7, 2021
HBO Game of Thrones Dead Characters
2,087
3.83
Television
Apr 27, 2015
MLB 2017 Top 10 Highest-Paid Players per Team
1,934
4.17
Sports
Mar 7, 2017
MLB AL Lineups 2018 (end of season)
1,589
5.00
Sports
Mar 28, 2018
MLB NL Lineups 2018 (end of season)
1,514
5.00
Sports
Mar 28, 2018
Go to Creator's Profile
Score Distribution
Quiz Creator Spotlight
knames4
Follow
Send a Message
Quizzes Created
-
Created Quiz Play Count
-
More By This Creator
Popular Quizzes Today
1
Find the US States - No Outlines Minefield
2
Find the Countries of Europe - No Outlines Minefield
3
The Countries of the World
4
Find the US States
5
US States
6
Risky Map Clicking: Biggest States A-Z
7
Popular People in 1961
8
Movies - When Are They Set?
More Sports Quizzes
Champions' League Winning Team by Player Nations
Quiz Lab
Trending Quizzes
Risky Map Clicking: Least Populous States A-Z
1-10 Letter G Words
1-10 Letter F Words
Risky Map Clicking: Next State Alphabetically
Risky Map Clicking: Biggest States A-Z
Recently Updated
Leaping Animals
pecheneg
Reality TV Shows (A-Z)
bhenderson79
Rickey Henderson's Hall of Fame Teammates
pecheneg
Champions League XIs: Arsenal
pecheneg
Quick Pick: Celebrities in WWE's Hall of Fame
aduchscher
A-Z Keypad Blitz II
pecheneg
Multiple Oscar Actors
pecheneg
Mystery Phrase Blitz: Oscar 'Best Actors'
pecheneg
F. Scott Fitzgerald Novels
LTH
Pick 3 Villains
ddd62291
Trending Topics
Disney
Crossword
Anime
NBA
Harry Potter
Kpop
Marvel
Song
WWE
Soccer
The Office
Puzzle
Country
NFL
Pokémon
Your Account Isn't Verified!
In order to create a playlist on Sporcle, you need to verify the email address you used during registration. Go to your
Sporcle Settings
to finish the process.
Report this User
Report this user for behavior that violates our
Community Guidelines
.
Details:
Send Report
Go to the Sporcle.com Mobile Site →
Comments